| 000 | 01280nem0a2200301 4500 | ||
|---|---|---|---|
| 001 | RU\NLR\BIBL_A\022250707 | ||
| 005 | 20260420010921.0 | ||
| 010 |
_a978-5-6048348-4-8 _9500 экз. |
||
| 021 |
_aRU _bКН-П-24-022721 _9КН-П-24-2358 |
||
| 035 | _a(NLR Aleph) 022250707 | ||
| 090 |
_a13659384 _c13659384 |
||
| 100 | _a20240613d2023 u y0rusy50 ca | ||
| 101 | 0 | _arus | |
| 102 | _aRU | ||
| 120 | _abya xx|| | ||
| 123 | 3 |
_aa _b680000 _c27500 |
|
| 200 | 1 |
_aАтлас народных художественных промыслов и ремесел Ярославской области _bКарты _eРед. Кадыров Т.О. |
|
| 206 | _aМ-бы разные | ||
| 210 |
_aЯрославль _cАртЕль Союз мастеров _d2023 |
||
| 215 |
_a1 атл. (44 с.) _cцв., текст, ил. _d29х21 см |
||
| 509 | 0 | 1 |
_7ca _aЯрославская _hобласть _92633332 _3RU\NLR\auth_crt\55150 |
| 606 | 1 |
_aПрикладное искусство русское _91237278 _3RU\NLR\auth\66505139 |
|
| 607 |
_aЯрославская область _jКарты _91078664 _3RU\NLR\AUTH\66421233 |
||
| 702 | 1 |
_aКадыров _bТ.О. _gТимур Озодович _4340 |
|
| 852 |
_aNLR _bК _j4-Цтр 6/2271 _m92738 |
||
| 942 | _cMAP | ||
| 980 | _aNB | ||